000
00257 a2200097 4500
001
54230
100
_a
Dicey,A.V
245
_a
Introduction to the Study of the Law of Constitution
260
_a
ISLAMABAD
_b
National Book Foundation
_c
090
_c
33813
_d
33813
942
_a
NUST-CAE
_c
M
_c
26462
999
_c
289303
_d
289303